000 01370cam a2200253 i 4500
003 OSt
005 20160724095154.0
008 130724s2014 nyua b 001 0 eng
020 _a9780071794589 (hardcover : alk. paper)
020 _a0071794581 (hardcover : alk. paper)
040 _ama-in
_beng
060 1 0 _aQV 38
082 0 0 _a615.7
_223
_bBLA
100 1 _aBauer, Larry A.,
_eauthor
_956102
245 1 0 _aApplied clinical pharmacokinetics /
_cLarry A. Bauer
250 _aThird edition
300 _axii, 868 pages ;
_c24cm
504 _aIncludes bibliographical references and index
505 0 _aClinical pharmacokinetic and pharmacodynamic concepts -- Clinical pharmacokinetic equations and calculations -- Drug dosing in special populations : renal and hepatic disease, dialysis, heart failure, obesity, and drug interactions -- Aminoglycoside antibiotics -- Vancomycin -- Digoxin -- Lidocaine -- Procainamide/N-acetyl procainamide -- Quinidine -- Phenytoin/fosphenytoin -- Carbamazepine -- Valproic acid -- Phenobarbital/primidone -- Ethosuximide -- Lamotrigine -- Levetiracetam -- Oxcarbazepine/eslicarbazepine -- Cyclosporine -- Tacrolimus -- Sirolimus -- Lithium -- Theophylline
650 0 _aPharmacokinetics
_919073
650 1 2 _aPharmacokinetics
_919073
650 2 2 _aPharmaceutical Preparations
_xadministration & dosage
_956103
942 _cBOOK
999 _c39637
_d274137